000
00457nam a2200145Ia 4500
008
151213s9999 xx 000 0 und d
100
_a
সঙকলিত।
245
_a
বাংলাদেশের সাহিত্য
_c
সঙকলিত।
260
_a
ঢাকা
_b
বাংলা একাডেমী।
_c
1988
300
_a
8779 p.
650
_a
Bangla
650
_a
সাহিত্য
700
_a
সঙকলিত।
999
_c
4564
_d
4564